| 000 | 00486nam a2200169Ia 4500 | ||
|---|---|---|---|
| 999 |
_c3388 _d3388 |
||
| 003 | OSt | ||
| 005 | 20200820101057.0 | ||
| 008 | 190216s9999||||xx |||||||||||||| ||und|| | ||
| 040 | _coclc | ||
| 082 |
_a541.3 _bGUP/A |
||
| 100 | 1 |
_aGupta, P. K., _9133 _cPh. D., D. Litt. |
|
| 245 | 0 |
_aAdvanced Physical Chemistry / _cP K Gupta ; Sharma |
|
| 260 | _bK Nath & Co, | ||
| 300 | _a1363p | ||
| 650 | _aChemistry-Chemistry | ||
| 942 |
_cBK _2ddc _h541.3 _iGUP/A _k541.3 _mGUP/A |
||